[Event "Prague Festival Masters 2020"]
[Site "Prague"]
[Date "2020.02.16"]
[Round "5.2"]
[White "Navara, David"]
[Black "Grandelius, Nils"]
[Result "1-0"]
[WhiteElo "2717"]
[BlackElo "2659"]
[Annotator "TA"]
[PlyCount "109"]
[EventDate "2020.02.12"]
[EventType "tourn"]
[EventCountry "CZE"]
[SourceTitle "playchess.com"]
[Source "ChessBase"]
[SourceQuality "1"]

{[%evp 17,109,0,0,0,0,0,0,0,12,21,21,18,25,-5,-11,-21,-22,-26,-21,-21,-12,-12,-15,-20,0,0,-7,0,0,-3,0,-27,-29,-19,25,25,35,38,8,13,15,0,0,0,62,58,47,53,67,54,59,34,81,85,89,79,193,177,169,166,406,395,353,139,492,461,528,497,487,481,479,431,486,483,681,670,638,620,1731,1703,1676,1670,1543,1534,1201,1147,976,761,29978,29979,29978,29979,29971,29969]} 1. c4 c5 2. Nf3 Nc6 3. d4 cxd4 4. Nxd4 Nf6 5. Nc3 e6 6. g3 Qb6 7. Nb3 Ne5 8. e4 Bb4 9. Qe2 d6 $1 10. Bd2 $1 {[%mdl 4] is recently more successful than 10.f4. A33: Symmetrical English: 2 Nf3 Nf6 3 d4 cxd4 4 Nxd4 e6 5 Nc3 Nc6.} a5 {[%cal Ba7a5,Ba5a4][%mdl 32]} 11. O-O-O $5 {[%mdl 4] Exploring less charted territory.} a4 12. Na1 {The position is equal.} O-O 13. Nc2 Bc5 14. f4 Nc6 $1 {[#]} 15. e5 $146 ({Predecessor:} 15. Be3 Qa5 16. Bxc5 Qxc5 17. Qd2 a3 18. Nxa3 Rxa3 19. bxa3 Qxa3+ 20. Kb1 e5 21. Bd3 {1-0 (53) Gelfand,B (2684)-Tregubov,P (2588) Moscow 2019}) 15... dxe5 16. fxe5 Nd7 17. Bf4 f6 18. exf6 Nxf6 19. Bh3 e5 20. Bxc8 exf4 21. Be6+ Kh8 {White must now prevent ...f3!} 22. gxf4 Nd4 23. Nxd4 Bxd4 24. Rd3 a3 25. b3 Nh5 26. Qxh5 Bxc3 27. f5 Bb2+ $1 ({Worse is} 27... Qf2 28. Qxh7+ $1 {[%mdl 512]} Kxh7 29. Rh3+ Qh4 30. Rxh4#) 28. Kb1 {Threatening mate with Qxh7+!} h6 29. Rhd1 $40 {[%mdl 128] White attacks.} Bf6 {aiming for ...Qf2.} 30. Qe2 Qa5 (30... Qc7 $11) 31. Qe1 $14 Qc7 32. Qg3 Be5 33. Qe3 Bf6 34. R1d2 Rfe8 ({Don't go for} 34... Bg5 $2 35. Qxg5 $1 {[%mdl 512]} Rae8 36. Qg3 $18) 35. Rd7 Qc6 36. R2d5 Rac8 (36... Re7 $16) 37. Rf7 {Hoping for Rxf6.} Bb2 {[#]} 38. Qd2 $1 Rb8 $2 (38... Rf8 39. Rfd7 Qb6) 39. Bd7 $18 {[%mdl 64] Double Attack} Qb6 {Threatens to win with ...Qg1+.} 40. c5 $2 (40. Bxe8 $18 {and the rest is easy. White threatens Rf8+ and mate.} Rxe8 41. Rd6 Qg1+ 42. Kc2) 40... Qd8 $2 {[%mdl 8192]} (40... Qa6 $16 {is more resistant.} 41. Bxe8 Rxe8) 41. f6 Bxf6 42. Bb5 ({Not} 42. Bxe8 Qxe8 43. Rxf6 Qe4+ 44. Qd3 Qe1+ 45. Kc2 gxf6 $16) 42... Re1+ 43. Kc2 Qg8 44. Rxf6 $1 gxf6 {[#]} 45. Rd7 $1 Qg6+ (45... Qf8 $142) 46. Bd3 Re4 {[#]} 47. Re7 $1 {[%mdl 576] Pin} f5 (47... Rxe7 48. Bxg6) 48. Bxe4 fxe4 {[%mdl 4096] Endgame KQR-KQR} 49. Qd4+ Kg8 50. Qd5+ Kf8 51. Re6 Qg5 52. Re5 Qg6 53. Rf5+ {White mates.} Kg7 54. Qe5+ {[%mdl 64] Double Attack} Kh7 55. Qc7+ {Accuracy: White = 85%, Black = 60%.} 1-0

[Event "Prague Festival Masters 2020"]
[Site "Prague"]
[Date "2020.02.16"]
[Round "5.3"]
[White "Vitiugov, Nikita"]
[Black "Harikrishna, Pentala"]
[Result "1/2-1/2"]
[WhiteElo "2731"]
[BlackElo "2713"]
[Annotator "TA"]
[PlyCount "118"]
[EventDate "2020.02.12"]
[EventType "tourn"]
[EventCountry "CZE"]
[SourceTitle "playchess.com"]
[Source "ChessBase"]
[SourceQuality "1"]

{[%evp 9,118,0,7,7,7,7,7,7,15,17,4,0,0,0,100,106,93,113,131,117,116,43,58,60,69,49,53,54,60,6,111,44,94,93,94,92,89,49,58,55,51,8,8,6,0,0,0,0,0,0,0,0,16,16,24,0,0,0,0,0,0,0,0,0,0,-6,0,0,0,0,0,0,0,0,0,-16,-16,-16,-16,-41,-41,-41,-41,-41,-41,-60,-60,-60,-41,-41,-41,-41,-41,-41,-41,-41,-41,-41,-41,-41,-16,-16,-8,-8,-8,-8,-14,-29,-29,-36,-36]} 1. d4 d5 2. Nf3 Nf6 3. Bf4 c5 4. e3 Nc6 5. Nbd2 cxd4 6. exd4 {D02: 1 d4 d5 2 Nf3 sidelines, including 2...Nf6 3 g3 and 2...Nf6 3 Bf4.} Bf5 7. Bb5 Qb6 8. c4 {The position is equal.} dxc4 9. a4 e6 10. O-O Bd3 11. Ne5 $36 {[%mdl 2048] [#] White has the initiative.} a6 $146 (11... Qxd4 $6 12. Ndxc4 (12. Nxc6 Qxf4 13. g3 Qd6 $11) 12... Qxf4 13. Qxd3 $16) (11... Bxf1 $11 12. Qxf1 Qxd4) ({Predecessor:} 11... Bxf1 12. Qxf1 Rc8 13. Ndxc4 Qxd4 14. Be3 Qd8 15. Bxa7 Nd5 16. a5 Bd6 17. a6 O-O 18. axb7 Nxa7 19. Rxa7 Rxc4 20. Nxc4 Bxh2+ 21. Kxh2 {½-½ (52) Perez Ponsa,F (2559)-Saric,I (2655) chess.com INT 2020}) 12. Ndxc4 $16 Bxc4 13. Nxc4 Qd8 14. Bxc6+ $1 bxc6 15. Ne5 (15. a5 $16) 15... Qd5 16. Rc1 Bd6 17. Re1 Rc8 18. Qe2 O-O 19. Qxa6 ({White should play} 19. Bg5 $14) 19... Ra8 (19... Qxd4 $11 20. Bg3 Ra8 21. Qxc6 Bxe5 22. Bxe5 Qxa4) 20. Qxc6 (20. Qc4 $16) 20... Qxc6 21. Rxc6 Bxe5 22. Bxe5 {Ra1 is the strong threat.} ({Much worse is} 22. Rxe5 $6 Rxa4 23. g3 Rxd4 $11) 22... Rxa4 23. Bd6 Rfa8 24. b4 h5 25. b5 R8a5 26. b6 Rb5 27. Rc8+ Kh7 28. Bc5 Ra2 29. Rc7 Kg6 30. Ra7 Rab2 (30... Re2 {is interesting.} 31. Rc1 Reb2 32. h3 Nd5 33. Rca1 Nxb6 34. R1a3 Nc4) 31. h3 Nd5 32. Ra3 R2b3 33. Rea1 {Threatening Rxb3.} Nxb6 (33... Rxa3 {seems wilder.} 34. Rxa3 Nxb6 35. Bxb6 Rxb6 36. h4 Rb4) 34. Rxb3 Rxb3 35. Bxb6 Rxb6 $11 {[%mdl 4096] Endgame KR-KR} 36. h4 Rb4 37. Rd1 Kf5 38. d5 e5 39. d6 {[#] And now d7 would win.} Rb8 $1 40. d7 Rd8 41. Rd6 f6 42. f3 Kg6 43. Kf2 Kf7 44. f4 exf4 45. Kf3 Ke7 46. Ra6 Rxd7 {aiming for ...g5.} 47. Kxf4 Rd4+ 48. Kg3 $1 g6 49. Kh3 Rd6 50. Ra3 Ke6 51. Kg3 Ke5 52. Kf3 Rd5 53. g3 Kf5 54. Rb3 g5 55. hxg5 fxg5 {[#]} 56. g4+ $1 {[%mdl 512]} hxg4+ 57. Kg3 Rd4 58. Rb5+ Kg6 59. Rb8 Ra4 {Accuracy: White = 84%, Black = 89%.} 1/2-1/2

[Event "Prague Festival Masters 2020"]
[Site "Prague"]
[Date "2020.02.16"]
[Round "5.4"]
[White "Duda, Jan-Krzysztof"]
[Black "Ragger, Markus"]
[Result "1/2-1/2"]
[WhiteElo "2755"]
[BlackElo "2670"]
[Annotator "TA"]
[PlyCount "60"]
[EventDate "2020.02.12"]
[EventType "tourn"]
[EventCountry "CZE"]
[SourceTitle "playchess.com"]
[Source "ChessBase"]
[SourceQuality "1"]

{[%evp 19,60,-7,-7,-10,-9,-8,-6,-10,0,-20,0,-17,-17,-17,-11,-23,0,0,0,0,0,0,0,0,-5,-11,0,0,0,0,0,-9,-10,-15,-16,-16,-11,-10,-8,-17,0,-28,0]} 1. e4 e5 2. Nf3 Nc6 3. Bb5 a6 4. Bxc6 dxc6 5. Nc3 f6 6. d4 exd4 7. Qxd4 Qxd4 8. Nxd4 Bd7 9. Be3 O-O-O 10. O-O-O Ne7 11. h4 {C68: Ruy Lopez: Exchange Variation, sidelines.} h5 12. Nde2 Ng6 13. f3 {The position is equal.} Bd6 14. Na4 Be6 15. Nc5 Bf7 16. Nd3 b6 {[#]} 17. b3 $146 ({Predecessor:} 17. Nd4 Ne7 18. Ne2 c5 19. Bf4 Bxa2 20. Bxd6 Rxd6 21. e5 fxe5 22. Nc3 Be6 23. Nxe5 Rxd1+ 24. Nxd1 {0-1 (47) Stojanovski,D (2436)-Mista,A (2582) Kragujevac 2013}) 17... Ba3+ 18. Kb1 c5 19. Bc1 Bxc1 20. Kxc1 c4 21. Ndf4 Rxd1+ 22. Kxd1 cxb3 23. cxb3 Ne5 24. Kc2 Rd8 25. Rd1 Rxd1 26. Kxd1 Kd7 27. Kd2 Kd6 28. Nd4 {[#] Nf5+ is the strong threat.} g6 29. Kc3 c6 30. a3 a5 {Accuracy: White = 95%, Black = 95%.} 1/2-1/2

[Event "Prague Festival Masters 2020"]
[Site "Prague"]
[Date "2020.02.16"]
[Round "5.5"]
[White "Vidit, Santosh Gujrathi"]
[Black "Firouzja, Alireza"]
[Result "1-0"]
[WhiteElo "2721"]
[BlackElo "2726"]
[Annotator "TA"]
[PlyCount "47"]
[EventDate "2020.02.12"]
[EventType "tourn"]
[EventCountry "CZE"]
[SourceTitle "playchess.com"]
[Source "ChessBase"]
[SourceQuality "1"]

{[%evp 15,47,22,24,12,47,33,87,83,76,68,310,304,309,309,302,303,289,297,299,301,437,371,361,366,363,368,369,360,363,366,485,489,488,470]} 1. d4 d5 2. Nf3 Nf6 3. c4 c6 4. cxd5 cxd5 5. Nc3 Nc6 6. Bf4 a6 7. Rc1 Bf5 8. e3 e6 9. Be2 {D13: Slav Defence: Exchange variation without ...Bf5.} Qb6 10. O-O Qxb2 ({Black should try} 10... Be7 $14) 11. Na4 $16 {White is better.} Qb4 {[#]} 12. a3 $146 ({Predecessor:} 12. Nh4 Be4 13. f3 Bg6 14. Nxg6 hxg6 15. Rb1 Qa3 16. Rxb7 Na5 17. Rc7 g5 18. Rc3 Qxa2 {0-1 (46) Meier,G (2560)-Gurevich,M (2611) Evry 2008}) 12... Qa5 $2 (12... Qxa3 $14 13. Nb6 Rd8) 13. Qb3 $18 b5 14. Rxc6 Qxa4 {[#]} 15. Qc3 $1 {Rc8+ would kill now.} e5 16. Nxe5 (16. Bxe5 Qxa3 17. Qxa3 Bxa3 $16) 16... b4 17. axb4 Ne4 (17... Bxb4 {keeps fighting.} 18. Qb2 Qa3 19. Qxa3 Bxa3) 18. Qa1 Qxa1 19. Rxa1 {[#] aiming for Bb5!} Bxb4 20. Rcxa6 ({Weaker is} 20. Raxa6 O-O $16) 20... Rxa6 21. Rxa6 O-O 22. Nc6 Rc8 23. g4 ({Don't take} 23. Nxb4 Rc1+ 24. Bf1 g5 $18) 23... Nc3 24. Bf1 {Accuracy: White = 100%, Black = 44%.} ({Less strong is} 24. gxf5 Nxe2+ 25. Kg2 Nxf4+ 26. exf4 Bf8 $16) 1-0

[Event "Prague Festival Masters 2020"]
[Site "Prague"]
[Date "2020.02.18"]
[Round "6.1"]
[White "Harikrishna, Pentala"]
[Black "Anton Guijarro, David"]
[Result "1/2-1/2"]
[WhiteElo "2713"]
[BlackElo "2697"]
[Annotator "TA"]
[PlyCount "60"]
[EventDate "2020.02.12"]
[EventType "tourn"]
[EventCountry "CZE"]
[SourceTitle "playchess.com"]
[Source "ChessBase"]
[SourceQuality "1"]

{[%evp 10,60,10,1,8,0,0,3,27,11,19,2,0,0,0,0,15,0,12,0,6,13,17,14,11,14,16,16,16,8,8,4,12,12,18,19,39,15,19,13,12,0,0,0,0,0,0,0,0,-46,-37,-40,0]} 1. d4 Nf6 2. c4 e6 3. g3 d5 4. Bg2 Bb4+ 5. Nd2 O-O 6. Ngf3 dxc4 {E01: Catalan: Early deviations.} 7. a3 Bxd2+ 8. Bxd2 Nc6 {The position is equal.} 9. e3 b5 10. b3 Bb7 11. bxc4 bxc4 12. O-O Ne7 13. Qc2 {[#]} c5 $146 ({Predecessor:} 13... a5 14. Rfe1 c5 15. dxc5 Rc8 16. Bc3 Be4 17. Qb2 Rxc5 18. Bxf6 gxf6 19. Qxf6 Ng6 20. Qxd8 Rxd8 {1-0 (56) Yankelevich,L (2420)-Arnold,M (2260) Riga 2018}) 14. Qxc4 cxd4 15. Qxd4 Qxd4 16. Nxd4 Bxg2 17. Kxg2 Rfc8 18. Rfc1 h6 19. Nb5 Ne4 20. Be1 a6 21. Nc7 Ra7 22. Ba5 Rb8 23. Ra2 Rb3 24. Rc4 Nd6 25. Rb4 Rxb4 26. axb4 Nc4 27. Rc2 Nxa5 28. bxa5 Kf8 29. f4 Nf5 30. Rc6 $1 Ke7 {Accuracy: White = 94%, Black = 94%.} 1/2-1/2

[Event "Prague Festival Masters 2020"]
[Site "Prague"]
[Date "2020.02.18"]
[Round "6.2"]
[White "Ragger, Markus"]
[Black "Shankland, Sam"]
[Result "1/2-1/2"]
[WhiteElo "2670"]
[BlackElo "2683"]
[Annotator "TA"]
[PlyCount "152"]
[EventDate "2020.02.12"]
[EventType "tourn"]
[EventCountry "CZE"]
[SourceTitle "playchess.com"]
[Source "ChessBase"]
[SourceQuality "1"]

{[%evp 10,152,35,26,33,14,25,25,42,29,27,30,18,16,35,29,16,0,6,0,0,0,0,-26,-25,-25,-23,-55,-49,-36,-48,-54,-42,-39,-32,-52,-49,-100,-93,-120,-75,-152,-87,-81,-93,-93,-91,-106,-91,-110,-120,-120,-75,-83,-77,-77,-50,-178,-163,-168,-157,-155,-128,-131,-136,-184,-187,-177,-180,-183,-182,-151,-163,-153,-63,-70,-70,-74,-27,-83,-83,-83,-83,-83,-80,-83,-83,-83,-80,-80,-79,-120,-122,-102,-77,-152,-162,-157,-156,-188,-188,-188,-188,-188,-188,-194,-186,-185,-206,-325,-316,-284,-306,-290,-284,-270,-222,-161,0,0,0,0,0,0,0,0,0,0,0,0,0,0,0,0,0,0,0,0,0,0,0,0,0,0,0]} 1. e4 e5 2. Nf3 Nc6 3. Bc4 Nf6 4. d3 h6 5. c3 d6 6. O-O g5 $1 {[%mdl 4] is more profitable than 6...g6 at the moment. C55: Two Knights: 4 d3, 4 d4 exd4 5 e5 and Max Lange Attack.} 7. Bb3 Bg7 8. Nbd2 {[#]} a5 $146 {White has an edge.} ({Predecessor:} 8... a6 9. Nc4 Be6 10. Re1 g4 11. Nfd2 Qd7 12. a4 h5 13. a5 h4 14. Nf1 O-O-O {1-0 (28) Amin,B (2707)-Cheparinov,I (2666) Changsha 2019}) 9. a4 Qe7 10. Nc4 Be6 11. Ne3 Qd7 12. Re1 d5 13. exd5 Nxd5 14. Nxd5 Bxd5 15. Nxe5 Bxe5 16. d4 {[%mdl 64] Pin} O-O-O 17. dxe5 Qe6 18. Bxd5 Rxd5 {[%mdl 64] Double Attack} 19. Qc2 Nxe5 20. Be3 Qg4 {And now ...Nf3+ would win.} 21. Red1 Nf3+ $40 {[%mdl 128] Black has some attack.} 22. Kh1 Nh4 $1 {[%csl Gh4][%cal Rg4g2]} 23. Rg1 ({Better is} 23. f3 $15 Rxd1+ 24. Rxd1 Nxf3 25. Rf1) 23... Rhd8 $17 24. h3 Qd7 25. Rge1 (25. Qe2 $142) 25... Rd3 (25... f5 $142 $1 26. f4 Rd3) 26. Qe2 {[#]} Qd5 $1 {[%csl Gh4][%cal Rd5g2][%mdl 512]} 27. Qf1 h5 28. c4 Qc6 $1 29. Kg1 f6 30. f3 Nf5 31. Bf2 h4 32. Qe2 Rd2 (32... Qxc4 33. Rac1 $11) 33. Qe4 ({White has to play} 33. Qe6+ $15 Qxe6 34. Rxe6) 33... Qxe4 $19 34. fxe4 Nd4 {Hoping for ...Nc2.} 35. Rab1 Ne2+ 36. Kf1 Nf4 37. Be3 Rc2 38. Bxf4 gxf4 {[%mdl 4096] Endgame KRR-KRR} 39. Re2 Rxc4 40. b3 Rb4 41. e5 f5 (41... fxe5 $17 42. Rxe5 b6) 42. e6 $1 $15 Re4 43. Rc1 Re8 44. Rec2 (44. Rc5 $1 $11 {remains equal.}) 44... Re7 $17 ({Much weaker is} 44... R4xe6 $6 45. Rxc7+ Kb8 46. R7c5 $11) 45. Rc5 b6 ({But not} 45... R4xe6 $6 46. Rxa5 Rf7 47. Ra8+ Kd7 48. Rh8 $11) ({Much worse is} 45... R7xe6 $6 46. Rxc7+ Kb8 47. Rc8+ Ka7 48. Rh8 $11) 46. Rxf5 R7xe6 47. Rf7 Re7 48. Rxe7 Rxe7 {KR-KR} 49. Rc4 Rf7 50. Kf2 c5 51. Re4 Kc7 52. Re6 ({White should play} 52. Re5) 52... Rd7 $1 53. Rh6 Rd2+ 54. Kf1 {[#]} f3 $1 {[%mdl 512]} 55. gxf3 Rd4 56. Rh7+ Kc6 57. Rh6+ Kb7 $1 58. Rh7+ {[#]} Ka6 $1 59. Kf2 {[#]} (59. Rg7 {was the only chance.}) 59... c4 $1 $19 {[%cal Rc4b3]} 60. bxc4 Rxc4 61. Ke3 Rxa4 62. f4 Ra3+ 63. Ke2 Rxh3 $2 (63... Ra2+ $19 64. Ke3 Ra3+ 65. Ke4 a4) 64. f5 $11 {The position is equal.} Rc3 {aiming for ...Rc5.} 65. Rxh4 Rc6 {Strongly threatening ...Rf6.} 66. Kd3 Kb5 67. Rf4 $1 Rf6 68. Kd4 Rf8 69. f6 Kb4 70. Kd5+ Kb5 71. Kd4 Rf7 72. Rf1 Rd7+ 73. Kc3 Rc7+ 74. Kd3 Rf7 75. Kd4 a4 76. Kc3 Ka5 {Accuracy: White = 78%, Black = 87%.} 1/2-1/2

[Event "Prague Festival Masters 2020"]
[Site "Prague"]
[Date "2020.02.18"]
[Round "6.3"]
[White "Grandelius, Nils"]
[Black "Duda, Jan-Krzysztof"]
[Result "1/2-1/2"]
[WhiteElo "2659"]
[BlackElo "2755"]
[Annotator "TA"]
[PlyCount "58"]
[EventDate "2020.02.12"]
[EventType "tourn"]
[EventCountry "CZE"]
[SourceTitle "playchess.com"]
[Source "ChessBase"]
[SourceQuality "1"]

{[%evp 13,58,1,6,5,12,14,31,30,19,15,25,31,20,0,8,14,10,15,8,3,23,19,14,16,41,31,30,0,20,13,24,0,41,0,0,0,0,0,0,0,0,0,0,0,0,0,0]} 1. e4 c5 2. Nf3 d6 3. Bb5+ Nd7 4. d4 cxd4 5. Qxd4 a6 6. Bxd7+ Bxd7 7. Nc3 e5 8. Qd3 {B51: Sicilian: Moscow Variation (3 Bb5+) without 3...Bd7.} Rc8 9. O-O h6 10. Nd2 $1 {[%mdl 4] White is slightly better. is currently scoring better than 10.a4.} Qc7 11. Rd1 Nf6 12. Nf1 Bg4 13. Re1 Be6 14. Ne3 Be7 15. Rd1 O-O 16. a4 {[%cal Ba2a4,Ba4a5][%mdl 32] [#]} Bc4 $146 ({Predecessor:} 16... Rfd8 17. a5 Bf8 18. Bd2 g6 19. Be1 Qc5 20. Na4 Qc6 21. Nb6 Nxe4 22. Nxc8 Rxc8 {1-0 (56) So,W (2767)-Ganguly,S (2658) Douglas 2019}) 17. Nxc4 Qxc4 18. a5 Qxd3 19. Rxd3 Rc4 20. f3 Rfc8 21. Kf1 Kf8 22. Bd2 Ne8 23. Nd5 Rxc2 {The position is equal.} 24. Bc3 $36 {[%mdl 2048] Threatens to win with Ne3. White has good play.} Bh4 25. Ne3 Rf2+ 26. Kg1 {[#] Black must now prevent Nf5.} Re2 27. Kf1 Rf2+ 28. Kg1 {Strongly threatening Nf5.} Re2 {Hoping for ...Bf2+.} 29. Kf1 Rf2+ {Accuracy: White = 90%, Black = 94%.} 1/2-1/2

[Event "Prague Festival Masters 2020"]
[Site "Prague"]
[Date "2020.02.18"]
[Round "6.4"]
[White "Firouzja, Alireza"]
[Black "Navara, David"]
[Result "1/2-1/2"]
[WhiteElo "2726"]
[BlackElo "2717"]
[Annotator "TA"]
[PlyCount "98"]
[EventDate "2020.02.12"]
[EventType "tourn"]
[EventCountry "CZE"]
[SourceTitle "playchess.com"]
[Source "ChessBase"]
[SourceQuality "1"]

{[%evp 14,98,39,5,24,16,35,0,0,0,20,20,16,6,17,14,18,0,7,22,6,0,4,-9,-8,-33,-16,-18,-4,-10,0,0,0,0,0,0,0,0,0,0,0,0,0,0,0,0,0,0,0,0,0,0,0,0,0,0,0,0,0,0,0,0,0,0,0,0,0,0,0,0,0,0,0,0,0,0,0,0,0,0,0,0,0,0,0,0,0]} 1. e4 e5 2. Nf3 Nc6 3. Bc4 Bc5 4. O-O Nf6 5. d3 d6 6. c3 h6 7. Nbd2 O-O 8. h3 a6 {C54: Giuoco Piano: 4 c3 Nf6, main lines with 5 d4 and 5 d3.} 9. a4 Re8 {[#]} 10. Qb3 $146 ({Predecessor:} 10. Re1 Be6 11. b4 Ba7 12. Bxe6 Rxe6 13. Qc2 Qd7 14. Nc4 Ne7 15. Be3 Bxe3 16. Nxe3 {½-½ (49) Vovk,A (2607)-Lenic,L (2633) Hungary 2019}) 10... Be6 11. a5 b5 12. axb6 cxb6 13. Bxe6 Rxe6 14. Rd1 d5 15. exd5 Qxd5 16. Qxd5 Nxd5 17. Ne4 Bf8 18. g4 a5 19. h4 Rd8 20. g5 {The position is equal.} hxg5 21. hxg5 Nce7 22. Nh4 Ng6 23. Nxg6 Rxg6 24. Kf1 f5 25. gxf6 gxf6 26. Ng3 Bh6 27. Bxh6 Rxh6 28. d4 {[#] And now dxe5 would win.} Nf4 29. dxe5 Rxd1+ 30. Rxd1 {Rd6 is the strong threat.} fxe5 $11 {[%mdl 4096] Endgame KRN-KRN} 31. Ke1 Kf7 32. b3 Ke8 33. c4 Rg6 34. Kd2 Rd6+ 35. Kc2 Rxd1 36. Kxd1 {KN-KN} Kd7 37. Kd2 Kc6 38. Kc3 Ne6 39. Ne4 Nc5 40. Nxc5 Kxc5 {K3P-K3P} 41. f3 $1 b5 42. cxb5 Kxb5 {KPP-KPP} 43. Kc2 Kb4 44. Kb2 a4 45. bxa4 Kxa4 46. Kc3 {[#] White threatens Kc4 and mate.} Kb5 47. f4 Kc5 48. fxe5 Kd5 49. e6 Kxe6 {Accuracy: White = 94%, Black = 100%.} 1/2-1/2

[Event "Prague Festival Masters 2020"]
[Site "Prague"]
[Date "2020.02.18"]
[Round "6.5"]
[White "Vitiugov, Nikita"]
[Black "Vidit, Santosh Gujrathi"]
[Result "1/2-1/2"]
[WhiteElo "2731"]
[BlackElo "2721"]
[Annotator "TA"]
[PlyCount "78"]
[EventDate "2020.02.12"]
[EventType "tourn"]
[EventCountry "CZE"]
[SourceTitle "playchess.com"]
[Source "ChessBase"]
[SourceQuality "1"]

{[%evp 9,78,22,29,29,32,26,20,27,24,29,20,24,25,25,48,44,37,49,46,34,42,23,51,20,28,21,19,22,50,61,56,29,20,17,24,18,21,29,32,31,30,27,23,19,17,0,0,0,0,0,0,0,0,0,0,0,0,0,7,0,3,8,8,0,0,0,23,0,0,0,0]} 1. d4 Nf6 2. Bf4 e6 3. e3 c5 4. Nf3 cxd4 5. exd4 b6 6. h3 {A46: 1 d4 Nf6 2 Nf3 e6: Torre, London and Colle Systems.} Be7 7. a4 O-O 8. Nbd2 d6 9. Bb5 Ba6 10. O-O {[#]} Bxb5 $146 ({Predecessor:} 10... Bb7 11. Re1 a6 12. Bd3 Nbd7 13. c3 Re8 14. Bh2 Nf8 15. Nc4 Nd5 16. Nfd2 b5 17. axb5 axb5 18. Rxa8 Bxa8 {0-1 (37) Van den Doel,E (2607)-Kryakvin,D (2595) Hoogeveen 2018}) 11. axb5 Nd5 12. Bg3 Nc7 13. c4 a6 14. bxa6 Rxa6 15. Qb3 Qd7 16. Rxa6 Nbxa6 17. Ra1 Rb8 18. Ne4 h6 19. Nc3 Bf8 20. Qa4 Qxa4 21. Rxa4 Rb7 22. b4 Nb8 23. b5 Nd7 24. Kf1 f5 25. h4 Be7 26. Bf4 Kf7 27. Na2 e5 28. dxe5 Nc5 29. Ra3 d5 30. cxd5 $1 Nxd5 31. Bd2 Ne4 32. Rd3 Ra7 33. Nc1 Nc7 34. Be3 Ra1 35. g3 Nc5 36. Rd1 Nxb5 37. Re1 Ke6 38. Ne2 Rxe1+ 39. Kxe1 g5 {Accuracy: White = 96%, Black = 93%.} 1/2-1/2

[Event "Prague Festival Masters 2020"]
[Site "Prague"]
[Date "2020.02.19"]
[Round "7.1"]
[White "Shankland, Sam"]
[Black "Grandelius, Nils"]
[Result "1-0"]
[WhiteElo "2683"]
[BlackElo "2659"]
[Annotator "TA"]
[PlyCount "89"]
[EventDate "2020.02.12"]
[EventType "tourn"]
[EventCountry "CZE"]
[SourceTitle "playchess.com"]
[Source "ChessBase"]
[SourceQuality "1"]

{[%evp 22,89,29,26,6,0,0,0,0,0,0,0,0,0,0,-12,-6,-19,-19,-11,-21,-5,0,0,0,-38,65,62,59,0,0,0,0,0,0,0,0,-14,54,61,74,71,106,0,0,0,83,97,826,854,791,770,1000,974,887,835,825,816,812,783,871,854,29982,29982,29984,29985,29985,29986,29986,29987]} 1. d4 Nf6 2. c4 g6 3. Nc3 d5 4. cxd5 Nxd5 5. e4 Nxc3 6. bxc3 Bg7 7. Bc4 c5 8. Ne2 Nc6 9. Be3 O-O 10. O-O Na5 11. Bd3 b6 12. Rc1 e5 {[%cal Re5d4] D87: Exchange Grünfeld: Classical Line: Variations without ...cxd4.} 13. dxe5 Bxe5 14. f4 Bg7 {The position is equal.} 15. Ng3 Bg4 16. Qc2 Qd7 {[#]} 17. Rf2 $146 ({Predecessor:} 17. e5 Rad8 18. Ba6 Qc6 19. Rb1 Bd7 20. a4 Qe6 21. Rf2 Bc6 22. Re1 Rfe8 23. Bb5 Bxb5 24. axb5 {½-½ (46) Soberano,J (2599)-Weber,J (2594) ICCF email 2009}) 17... Rfd8 18. Bf1 Be6 19. f5 Bc4 20. Bg5 f6 {Hoping for ...Bxf1.} 21. Bf4 Bd3 22. Qd1 {Threatens to win with Bxd3.} Bxf1 23. Qxf1 Qd3 (23... g5 $15 24. Bd2 b5) 24. Qe1 $1 $14 g5 {[#]} 25. Rd2 ({Better is} 25. Bxg5 $1 $14 {[%mdl 512]} fxg5 26. f6) 25... Qc4 $11 26. Bd6 {White wants to play e5.} Qf7 $36 {[%mdl 2048] And now ...Nc4 would win. Black has some pressure.} 27. e5 fxe5 28. Qe4 Nc4 {[%mdl 64] Double Attack} 29. Rd5 b5 (29... Bf8 $1 $11 30. Qxc4 Rxd6) 30. Rcd1 $14 Nb2 31. Rf1 $1 {aiming for f6.} Bf6 {[#]} 32. Rxc5 (32. Qf3 $1 $16) 32... Nc4 $11 33. Rd1 Be7 ({But not} 33... Nxd6 {[#]} 34. Rxd6 $1 {[%mdl 512]} Rxd6 35. Qxa8+ Rd8 36. Qc6 $16) (33... a6 $11 {remains equal.}) 34. Rc7 $16 {f6 is the strong threat.} Bxd6 $4 {[%mdl 8192]} (34... Nxd6 $16 35. Rxd6 Rxd6 36. Qxa8+ {[%mdl 64] Double Attack} Rd8) 35. Rxf7 $18 {Black must now prevent Qb7!} Bc5+ 36. Rd4 $1 {Threatening mate with Qb7!} Bxd4+ 37. cxd4 {White wants to mate with Qb7!} Nd6 38. Qe2 Nxf7 39. dxe5 {[%cal Bd4e5,Be5e6,Be6e7][%mdl 32]} Rac8 40. e6 Rc1+ 41. Kf2 Nh6 42. e7 {White mates.} Re8 43. Qe6+ Nf7 44. Nh5 Rc2+ 45. Ke3 {Accuracy: White = 88%, Black = 66%.} 1-0